| 000 | 00373nam a2200145Ia 4500 | ||
|---|---|---|---|
| 008 | 230917s9999||||xx |||||||||||||| ||und|| | ||
| 040 |
_e53838 _aMAIN |
||
| 041 | _aEnglish | ||
| 082 | _a352.054 S64F | ||
| 100 | _aSingh, V B | ||
| 245 | 0 | _aFunctioning local government in South India | |
| 260 |
_aNew Delhi _bGyan Publishing House _c2000 |
||
| 300 | _a246 p. | ||
| 942 | _cBK | ||
| 999 |
_c93311 _d93311 |
||